Германская восточная политика в новое и новейшее время. Проблемы истории и историографии: сборник статей

Bibliografiske detaljer
Institution som forfatter: Академия наук СССР (АН СССР) Институт славяноведения (ИСл)
Andre forfattere: Волков В. К. Владимир Константинович (редактор)
Sprog:russisk
Udgivet: Москва, Наука, 1974
Fag:
Format: MixedMaterials Bog
KOHA link:https://koha.lib.tpu.ru/cgi-bin/koha/opac-detail.pl?biblionumber=170886

MARC

LEADER 00000nam0a2200000 4500
001 170886
005 20231031163836.0
035 |a (RuTPU)RU\TPU\book\185312 
090 |a 170886 
100 |a 20091128d1974 m y0rusy50 ca 
101 0 |a rus 
102 |a RU 
105 |a y z 000zy 
200 1 |a Германская восточная политика в новое и новейшее время. Проблемы истории и историографии  |e сборник статей  |f Академия наук СССР (АН СССР), Институт славяноведения (ИСл) ; под ред. В. К. Волкова 
210 |a Москва  |c Наука  |d 1974 
215 |a 279 с. 
610 1 |a внешняя политика 
610 1 |a Германия 
610 1 |a история 
610 1 |a 19 век 
610 1 |a 20 век 
610 1 |a Дранг нах Остен 
675 |a 9(И4)Герм  |v 3 
702 1 |a Волков  |b В. К.  |g Владимир Константинович  |4 340 
712 0 2 |a Академия наук СССР (АН СССР)  |b Институт славяноведения (ИСл)  |c (Москва)  |2 stltpush  |3 (RuTPU)RU\TPU\col\11353 
801 1 |a RU  |b 63413507  |c 20091128 
801 2 |a RU  |b 63413507  |c 20100913  |g RCR 
942 |c BK